Grand champion [DVD/videorecording] / Rekab ... Read More
Available copies
- 2 of 2 copies available at LARL/NWRL Consortium.
Current holds
0 current holds with 2 total copies.
Show Only Available Copies
| Location | Call Number / Copy Notes | Barcode | Shelving Location | Status | Due Date |
|---|---|---|---|---|---|
| Godel Memorial-Warren Library | DVD j GRA (Text) | 35500006399792 | New | Available | - |
| Roseau Public Library | DVD j GRA (Text) | 35500004144018 | Main | Available | - |
Record details
- Physical Description: 1 videodisc (94 min.) : sd., col. ; 3 3/4 in.
- Publisher: Murray, UT : Feature Films for Families, 2007.
Content descriptions
| Creation/Production Credits Note: | Music by Screen Door ; editor, Calvin Wimmer ; ... Read More |
| Participant or Performer Note: | Joey Lauren Adams, Jacob Fisher, Emma Roberts, ... Read More |
| Summary, etc.: | A lively tale of a spunky young boy, Buddy, and ... Read More |
| Target Audience Note: | MPAA rating: G. |
| System Details Note: | VHS, stereo surround, Dolby digital. |
Search for related items by subject
| Subject: | Livestock > Showing > Fiction > Juvenile films. Livestock exhibitions > Fiction > Juvenile films. Livestock > Judging > Fiction > Juvenile films. Texas > Fiction > Juvenile films. |
| Genre: | DVDs. |
| LDR | 01864ngm a2200373Ia 4500 | ||
|---|---|---|---|
| 001 | 87249 | ||
| 003 | LARL_NWRL_CONSORTIUM | ||
| 005 | 20080104173427.0 | ||
| 008 | 071213s2007 utu094 vleng d | ||
| 024 | 1 | . | ‡a796323174046 |
| 035 | . | ‡a(OCoLC)183632701 | |
| 040 | . | ‡aPBJ ‡cPBJ ‡dNRG | |
| 245 | 0 | 0. | ‡aGrand champion ‡h[DVD/videorecording] / ‡cRekab Sudskany, distributed by Feature Films for Families ; produced by Forrest Murray, Amada Micallef and Tootie Bailey-Bland ; written and directed by Barry Tubb. |
| 260 | . | ‡aMurray, UT : ‡bFeature Films for Families, ‡c2007. | |
| 300 | . | ‡a1 videodisc (94 min.) : ‡bsd., col. ; ‡c3 3/4 in. | |
| 538 | . | ‡aVHS, stereo surround, Dolby digital. | |
| 511 | 1 | . | ‡aJoey Lauren Adams, Jacob Fisher, Emma Roberts, George Strait. |
| 508 | . | ‡aMusic by Screen Door ; editor, Calvin Wimmer ; director of photography, Danny Moder. | |
| 521 | 8 | . | ‡aMPAA rating: G. |
| 520 | . | ‡aA lively tale of a spunky young boy, Buddy, and his prize-winning calf, Hokey, as they climb the ranks of Texas stock shows to win the coveted top award. When Buddy learns of plans to make Hokey the "guest-of-honor" at a barbecue, he and his friends decide to take matters into their own hands. | |
| 650 | 0. | ‡aLivestock ‡xShowing ‡vFiction ‡vJuvenile films. | |
| 650 | 0. | ‡aLivestock exhibitions ‡vFiction ‡vJuvenile films. | |
| 650 | 0. | ‡aLivestock ‡xJudging ‡vFiction ‡vJuvenile films. | |
| 651 | 0. | ‡aTexas ‡vFiction ‡vJuvenile films. | |
| 655 | 0. | ‡aDVDs. | |
| 700 | 1 | . | ‡aMicallef, Amada. |
| 700 | 1 | . | ‡aBailey-Bland, Tootie. |
| 700 | 1 | . | ‡aStrait, George, ‡d1952- ‡0(LARL_NWRL_CONSORTIUM)106545 |
| 700 | 1 | . | ‡aTubb, Barry, ‡d1963- ‡0(LARL_NWRL_CONSORTIUM)203374 |
| 700 | 1 | . | ‡aAdams, Joey Lauren. ‡0(LARL_NWRL_CONSORTIUM)219296 |
| 710 | 2 | . | ‡aFeature Films for Families. ‡0(LARL_NWRL_CONSORTIUM)145883 |
| 901 | . | ‡a87249 ‡bOCLC ‡c87249 ‡tbiblio | |

Add to basket
Permalink
Disable Highlighting